Destinos del Aeropuerto Olaya Herrera (Medellín) - Estadísticas

Estadísticas generales
  • Esta prueba ha sido intentada 18 veces
    7 desde el último reinicio
  • La puntuación promedio es 10 de 23
Estadísticas de respuestas
Aerolíneas Destino % Correcto
Clic Air SATENA Bogotá
100%
Clic Air Bucaramanga
100%
Clic Air Cali
83%
Clic Air SATENA Apartadó
67%
SATENA Barranquilla
67%
Clic Air Montería
67%
Clic Air Ibagué
50%
Clic Air
Moon Flights SATENA
Nuquí
50%
Clic Air Pereira
50%
Clic Air
Moon Flights SATENA
Quibdó
50%
Clic Air Villavicencio
50%
Clic AirMoon Flights
SATENA
Bahía Solano
33%
Moon FlightsSATENA Caucasia
33%
SATENA Corozal
33%
Moon FlightsSATENA El Bagre
33%
SATENA Paipa
33%
Clic Air SATENA Tolú
33%
Moon FlightsSATENA Acandí
17%
SATENA Condoto
17%
SATENA Montelíbano
17%
SATENA Ocaña
17%
Clic Air La Macarena
0%
SATENA Mompos
0%
No se encontraron pruebas coincidentes
Distribución de puntuación
Porcentaje de gente con cada puntuación
Porcentaje por número respondido
Historial de tus puntuaciones
No has intentado esta prueba desde el último reinicio